000 00982nam0a22002891 4500
001 rc\2219816
005 20250623022349.0
035 _a(NLR Aleph) 006528383
090 _a6506454
_c6506454
100 _a20110826d1979 |||y0rusy50 ca
101 0 _arus
102 _aRU
105 _ay z |||||
200 1 _aРусские говоры в Сибири
_eМежвуз. сб.
_f[Редкол.: В.В. Палагина (отв. ред.) и др.]
210 _aТомск
_cИзд-во Том. ун-та
_d1979
215 _a183 с.
_d21
320 _aБиблиогр.: с. 182 (22 назв.)
606 _aРусский язык
_xДиалекты
_yСибирь
_2psbo
686 _aШ141.2-51я43
_2rubbk
702 1 _aПалагина
_bВ.В.
_gВера Владимировна
_4340
801 0 _aRU
_bNLR
_gpsbo
801 1 _aRU
_bELAR
_2rusmarc
852 _aNLR
_j79-5/5416
899 _aRuMoRGB
_jБ 79-24/443
899 _aRuMoRGB
_jБ 79-24/444
942 _cBOOK
980 _aNB